000 nam a22 7a 4500
999 _c7237
_d7237
008 170731b xxu||||| |||| 00| 0 eng d
100 _93803
_aKindersly
245 _aChildren's Illustrated Encyclopedia
260 _aLondon
_b2000
_cA Dorling Kindersley Book